| 000 | 01008nam a2200301Ia 4500 | ||
|---|---|---|---|
| 001 | Para_5849 | ||
| 003 | CHAP | ||
| 008 | 220125s1983 xx 000 0 und d | ||
| 010 | _a204333 | ||
| 040 | _cCHAP | ||
| 090 | _aPA TESIS 164 | ||
| 100 |
_aLópez Montes, Genaro _968139 |
||
| 245 |
_aNemátodos fitoparásitos asociados al cultivo del aguacate en agroecosistemas de Atlixco y Tochimilco, Pue. / _c por Genaro López Montes |
||
| 260 |
_aChapingo, Méx. : _b el autor |
||
| 300 | _a80 h. | ||
| 502 | _aTesis (Ing. Agr. Esp. Parasitología Agrícla) UACh. Departamento Parasitología Agrícola | ||
| 650 |
_aAguacate _x plagas _92543 |
||
| 650 |
_aNemátodos parásitos de plantas _980835 |
||
| 650 |
_aSiembra múltiple _9137549 |
||
| 710 |
_aUACh. Departamento Parasitología Agrícola _9164025 |
||
| 901 | _aPA TESIS 164 | ||
| 902 | _aA | ||
| 905 | _a0000001983 i 0000000000 00 | ||
| 910 | _a1983 | ||
| 942 | _cPARA | ||
| 942 |
_cPARA _d1 |
||
| 999 |
_c204333 _d204333 |
||